[Event "DEM U14w 2022"]
[Site "Willingen GER"]
[Date "2022.06.07"]
[Round "4"]
[White "Lorenz, Veronika"]
[Black "Peglau, Dora"]
[Result "0-1"]
[Termination "normal"]
[Board "1"]
[WhiteElo "1510"]
[BlackElo "2008"]
[WhiteClock "00:00:32"]
[BlackClock "00:02:14"]
[PlyCount "140"]
[WhiteFideId "16277406"]
[BlackFideId "16220005"]
[EventCountry "GER"]
[EventRounds "9"]
[EventType "swiss"]
[EventDate "2022.06.04"]

1. e4 {[%clk 1:30:57]} c5 {[%clk 1:30:51]} 2. Nf3 {[%clk 1:31:08]} e6 {[%clk
1:30:35]} 3. c3 {[%clk 1:31:12]} Nc6 {[%clk 1:30:51]} 4. d4 {[%clk 1:31:33]} d5
{[%clk 1:31:16]} 5. e5 {[%clk 1:31:54]} Bd7 {[%clk 1:31:39]} 6. Be2 {[%clk
1:32:08]} Nge7 {[%clk 1:31:27]} 7. O-O {[%clk 1:28:28]} Ng6 {[%clk 1:31:36]} 8.
g3 {[%clk 1:25:58]} Be7 {[%clk 1:26:02]} 9. h4 {[%clk 1:25:17]} h6 {[%clk
1:20:52]} 10. h5 {[%clk 1:10:33]} Nf8 {[%clk 1:21:17]} 11. dxc5 {[%clk
1:10:20]} Bxc5 {[%clk 1:21:31]} 12. b4 {[%clk 1:10:43]} Be7 {[%clk 1:20:29]}
13. Bd3 {[%clk 1:05:37]} Qc7 {[%clk 1:11:09]} 14. Re1 {[%clk 1:04:23]} O-O-O
{[%clk 0:57:22]} 15. Be3 {[%clk 0:58:47]} g5 {[%clk 0:52:48]} 16. Qe2 {[%clk
0:43:39]} Kb8 {[%clk 0:30:27]} 17. Nbd2 {[%clk 0:39:02]} f5 {[%clk 0:27:21]}
18. Bc5 {[%clk 0:35:53]} Bxc5 {[%clk 0:25:37]} 19. bxc5 {[%clk 0:36:21]} Na5
{[%clk 0:22:06]} 20. c4 {[%clk 0:28:31]} Nxc4 {[%clk 0:20:51]} 21. Bxc4 {[%clk
0:25:38]} dxc4 {[%clk 0:21:17]} 22. Qxc4 {[%clk 0:23:46]} Bc6 {[%clk 0:20:46]}
23. Rab1 {[%clk 0:21:08]} Bd5 {[%clk 0:18:50]} 24. Qc2 {[%clk 0:20:27]} Nd7
{[%clk 0:17:39]} 25. Qb2 {[%clk 0:10:44]} Nxc5 {[%clk 0:14:38]} 26. Rec1 {[%clk
0:09:17]} Nd3 {[%clk 0:13:07]} 27. Rxc7 {[%clk 0:09:25]} Nxb2 {[%clk 0:13:32]}
28. Re7 {[%clk 0:09:11]} Nd3 {[%clk 0:12:36]} 29. Kf1 {[%clk 0:04:23]} Rde8
{[%clk 0:11:48]} 30. Rg7 {[%clk 0:03:42]} g4 {[%clk 0:11:59]} 31. Nd4 {[%clk
0:03:02]} Nxe5 {[%clk 0:12:12]} 32. Nb5 {[%clk 0:02:14]} Rd8 {[%clk 0:09:49]}
33. Nc7 {[%clk 0:01:48]} Rd7 {[%clk 0:04:55]} 34. Rxd7 {[%clk 0:01:21]} Nxd7
{[%clk 0:05:21]} 35. Nxd5 {[%clk 0:01:50]} exd5 {[%clk 0:05:50]} 36. Re1 {[%clk
0:01:58]} Rf8 {[%clk 0:05:02]} 37. Re7 {[%clk 0:01:28]} Kc7 {[%clk 0:05:21]}
38. Nb3 {[%clk 0:01:21]} Kd6 {[%clk 0:05:09]} 39. Rh7 {[%clk 0:01:42]} Rf6
{[%clk 0:05:30]} 40. Ke2 {[%clk 0:01:24]} Re6+ {[%clk 0:02:29]} 41. Kd3 {[%clk
0:01:02]} a6 {[%clk 0:29:13]} 42. Na5 {[%clk 0:25:48]} Nc5+ {[%clk 0:27:50]}
43. Kd4 {[%clk 0:25:13]} b6 {[%clk 0:25:51]} 44. Nb7+ {[%clk 0:25:01]} Nxb7
{[%clk 0:26:15]} 45. Rxb7 {[%clk 0:25:29]} Re4+ {[%clk 0:26:03]} 46. Kd3 {[%clk
0:25:41]} Kc5 {[%clk 0:22:01]} 47. Rc7+ {[%clk 0:25:16]} Kd6 {[%clk 0:17:21]}
48. Rb7 {[%clk 0:25:22]} Re6 {[%clk 0:15:20]} 49. Rxb6+ {[%clk 0:24:45]} Ke5
{[%clk 0:15:44]} 50. Rb8 {[%clk 0:24:04]} f4 {[%clk 0:11:17]} 51. Rg8 {[%clk
0:21:47]} fxg3 {[%clk 0:07:15]} 52. fxg3 {[%clk 0:22:10]} Kf5 {[%clk 0:05:47]}
53. Kd4 {[%clk 0:20:00]} Re2 {[%clk 0:05:38]} 54. Kxd5 {[%clk 0:16:28]} Rd2+
{[%clk 0:04:17]} 55. Kc4 {[%clk 0:16:14]} Rxa2 {[%clk 0:04:27]} 56. Rg6 {[%clk
0:15:34]} Ra4+ {[%clk 0:03:03]} 57. Kb3 {[%clk 0:15:10]} Re4 {[%clk 0:03:02]}
58. Rxh6 {[%clk 0:13:37]} Re3+ {[%clk 0:03:26]} 59. Kb4 {[%clk 0:14:00]} Rxg3
{[%clk 0:03:37]} 60. Rxa6 {[%clk 0:13:11]} Rh3 {[%clk 0:03:27]} 61. Kc4 {[%clk
0:07:11]} g3 {[%clk 0:03:07]} 62. Rg6 {[%clk 0:07:31]} Kf4 {[%clk 0:02:37]} 63.
h6 {[%clk 0:07:01]} Kf3 {[%clk 0:01:22]} 64. Rf6+ {[%clk 0:07:16]} Ke3 {[%clk
0:01:18]} 65. Rd6 {[%clk 0:01:14]} Rh4+ {[%clk 0:00:56]} 66. Kc3 {[%clk
0:01:35]} g2 {[%clk 0:01:04]} 67. Rd3+ {[%clk 0:01:12]} Kf2 {[%clk 0:01:16]}
68. Rd2+ {[%clk 0:01:32]} Kg3 {[%clk 0:01:31]} 69. Rd3+ {[%clk 0:00:35]} Kh2
{[%clk 0:01:52]} 70. Rd2 {[%clk 0:00:32]} Kh1 {[%clk 0:02:14]} 0-1

[Event "DEM U14w 2022"]
[Site "Willingen GER"]
[Date "2022.06.07"]
[Round "4"]
[White "Bräutigam, Katerina"]
[Black "Englert, Lin"]
[Result "1-0"]
[Termination "normal"]
[Board "4"]
[WhiteElo "1797"]
[BlackElo "1503"]
[WhiteClock "00:07:06"]
[BlackClock "00:46:41"]
[PlyCount "105"]
[WhiteFideId "16242980"]
[BlackFideId "16226410"]
[EventCountry "GER"]
[EventRounds "9"]
[EventType "swiss"]
[EventDate "2022.06.04"]

1. e4 {[%clk 1:30:57]} c5 {[%clk 1:30:54]} 2. Nf3 {[%clk 1:31:24]} Nc6 {[%clk
1:31:18]} 3. d4 {[%clk 1:31:50]} cxd4 {[%clk 1:31:41]} 4. Nxd4 {[%clk 1:32:16]}
g6 {[%clk 1:31:38]} 5. c4 {[%clk 1:32:41]} Bg7 {[%clk 1:31:46]} 6. Be3 {[%clk
1:33:05]} Nf6 {[%clk 1:31:46]} 7. Nc3 {[%clk 1:33:20]} d6 {[%clk 1:30:35]} 8.
Be2 {[%clk 1:33:38]} O-O {[%clk 1:30:22]} 9. O-O {[%clk 1:33:58]} a6 {[%clk
1:28:19]} 10. f3 {[%clk 1:34:00]} Qc7 {[%clk 1:26:27]} 11. Qd2 {[%clk 1:33:01]}
Bd7 {[%clk 1:24:09]} 12. Rac1 {[%clk 1:32:35]} Rac8 {[%clk 1:18:44]} 13. Rfd1
{[%clk 1:29:32]} Ne5 {[%clk 1:07:17]} 14. Nd5 {[%clk 1:14:31]} Nxd5 {[%clk
1:05:18]} 15. exd5 {[%clk 1:11:52]} Rfd8 {[%clk 0:55:29]} 16. h3 {[%clk
1:00:26]} f6 {[%clk 0:54:24]} 17. f4 {[%clk 0:51:12]} Nf7 {[%clk 0:52:45]} 18.
Ne6 {[%clk 0:46:27]} Bxe6 {[%clk 0:51:54]} 19. dxe6 {[%clk 0:46:39]} Nh6 {[%clk
0:50:27]} 20. g4 {[%clk 0:44:36]} Kh8 {[%clk 0:48:48]} 21. f5 {[%clk 0:43:38]}
gxf5 {[%clk 0:42:17]} 22. Bxh6 {[%clk 0:40:14]} Bxh6 {[%clk 0:41:59]} 23. Qxh6
{[%clk 0:40:00]} fxg4 {[%clk 0:41:48]} 24. hxg4 {[%clk 0:16:47]} Qc5+ {[%clk
0:36:11]} 25. Kg2 {[%clk 0:14:49]} Rg8 {[%clk 0:34:33]} 26. Rd5 {[%clk
0:13:05]} Qb4 {[%clk 0:33:29]} 27. Rh5 {[%clk 0:06:21]} Rg7 {[%clk 0:30:48]}
28. Rc2 {[%clk 0:03:42]} Qa4 {[%clk 0:28:23]} 29. Bd3 {[%clk 0:03:12]} Qc6+
{[%clk 0:27:17]} 30. Kh2 {[%clk 0:01:30]} Kg8 {[%clk 0:26:13]} 31. Bxh7+ {[%clk
0:01:27]} Kf8 {[%clk 0:26:42]} 32. Bg6 {[%clk 0:01:07]} Qf3 {[%clk 0:26:15]}
33. Rh4 {[%clk 0:00:34]} Rc5 {[%clk 0:26:39]} 34. Bf7 {[%clk 0:00:40]} Rcg5
{[%clk 0:26:40]} 35. Qh8+ {[%clk 0:00:35]} Rg8 {[%clk 0:27:07]} 36. Qh6+ {[%clk
0:00:56]} R8g7 {[%clk 0:27:21]} 37. Qh8+ {[%clk 0:00:45]} Rg8 {[%clk 0:27:47]}
38. Bxg8 {[%clk 0:00:40]} Qf4+ {[%clk 0:27:47]} 39. Kg1 {[%clk 0:00:39]} Qg3+
{[%clk 0:27:39]} 40. Kh1 {[%clk 0:00:37]} Qf3+ {[%clk 0:27:55]} 41. Kh2 {[%clk
0:14:03]} Qf4+ {[%clk 0:57:32]} 42. Kg1 {[%clk 0:13:49]} Qe3+ {[%clk 0:52:59]}
43. Kf1 {[%clk 0:11:08]} Qd3+ {[%clk 0:51:25]} 44. Re2 {[%clk 0:11:03]} Qd1+
{[%clk 0:49:04]} 45. Kf2 {[%clk 0:10:49]} Qd4+ {[%clk 0:49:12]} 46. Kg2 {[%clk
0:10:49]} Rxg4+ {[%clk 0:48:38]} 47. Rxg4 {[%clk 0:07:00]} Qxg4+ {[%clk
0:49:01]} 48. Kf1 {[%clk 0:06:52]} Qf3+ {[%clk 0:47:48]} 49. Ke1 {[%clk
0:06:54]} Qg3+ {[%clk 0:48:02]} 50. Kd1 {[%clk 0:07:02]} Qd3+ {[%clk 0:47:16]}
51. Kc1 {[%clk 0:06:32]} Qxc4+ {[%clk 0:47:16]} 52. Kb1 {[%clk 0:06:45]} Qd3+
{[%clk 0:46:41]} 53. Rc2 {[%clk 0:07:06]} 1-0

[Event "DEM U14w 2022"]
[Site "Willingen GER"]
[Date "2022.06.07"]
[Round "4"]
[White "Jacobasch, Ronja"]
[Black "Eichhorn, Mathilda"]
[Result "1/2-1/2"]
[Termination "normal"]
[Board "6"]
[WhiteElo "1467"]
[BlackElo "1330"]
[WhiteClock "00:04:52"]
[BlackClock "00:12:45"]
[PlyCount "70"]
[WhiteFideId "34604340"]
[BlackFideId "16242289"]
[EventCountry "GER"]
[EventRounds "9"]
[EventType "swiss"]
[EventDate "2022.06.04"]

1. e4 {[%clk 1:30:30]} e6 {[%clk 1:30:53]} 2. d3 {[%clk 1:31:24]} d5 {[%clk
1:31:15]} 3. Nd2 {[%clk 1:31:49]} c5 {[%clk 1:31:30]} 4. Ngf3 {[%clk 1:32:10]}
Nc6 {[%clk 1:31:41]} 5. g3 {[%clk 1:32:20]} Nf6 {[%clk 1:30:23]} 6. Bg2 {[%clk
1:32:30]} Bd6 {[%clk 1:28:20]} 7. O-O {[%clk 1:31:28]} O-O {[%clk 1:27:56]} 8.
Re1 {[%clk 1:30:40]} Bc7 {[%clk 1:25:37]} 9. c3 {[%clk 1:29:31]} b6 {[%clk
1:19:25]} 10. Qe2 {[%clk 1:27:02]} Re8 {[%clk 1:18:20]} 11. Nf1 {[%clk
1:23:27]} h6 {[%clk 1:15:22]} 12. h4 {[%clk 1:16:07]} Bb7 {[%clk 1:07:59]} 13.
N1h2 {[%clk 1:05:34]} dxe4 {[%clk 1:01:59]} 14. dxe4 {[%clk 1:05:06]} Qe7
{[%clk 1:00:13]} 15. e5 {[%clk 0:57:30]} Nd7 {[%clk 0:58:46]} 16. Bf4 {[%clk
0:57:10]} Rac8 {[%clk 0:55:26]} 17. Bh3 {[%clk 0:46:38]} Nf8 {[%clk 0:50:53]}
18. Ng4 {[%clk 0:32:21]} h5 {[%clk 0:40:35]} 19. Ngh2 {[%clk 0:25:21]} Nh7
{[%clk 0:33:32]} 20. Ng5 {[%clk 0:23:09]} g6 {[%clk 0:32:43]} 21. Qe3 {[%clk
0:21:18]} Bd8 {[%clk 0:28:32]} 22. Nhf3 {[%clk 0:19:28]} Qf8 {[%clk 0:24:52]}
23. Nxh7 {[%clk 0:19:14]} Kxh7 {[%clk 0:25:09]} 24. Ng5+ {[%clk 0:18:37]} Bxg5
{[%clk 0:24:12]} 25. Bxg5 {[%clk 0:18:39]} Ne7 {[%clk 0:21:21]} 26. Rad1 {[%clk
0:16:36]} Bc6 {[%clk 0:17:03]} 27. Rd2 {[%clk 0:14:55]} Rcd8 {[%clk 0:15:21]}
28. Red1 {[%clk 0:13:48]} Rxd2 {[%clk 0:15:27]} 29. Rxd2 {[%clk 0:12:21]} Rd8
{[%clk 0:13:59]} 30. Rxd8 {[%clk 0:08:25]} Qxd8 {[%clk 0:14:24]} 31. Qe2 {[%clk
0:08:28]} Qd5 {[%clk 0:13:36]} 32. f3 {[%clk 0:07:08]} Nf5 {[%clk 0:12:50]} 33.
Bxf5 {[%clk 0:06:11]} exf5 {[%clk 0:13:09]} 34. b3 {[%clk 0:04:29]} Qxf3 {[%clk
0:12:50]} 35. Qxf3 {[%clk 0:04:52]} Bxf3 {[%clk 0:12:45]} 1/2-1/2